[Event "IV Open Internacional Ciutat d"]
[Site "Palma"]
[Date "2009.11.22"]
[Round "2.44"]
[White "Ocantos, Manuel"]
[Black "Caliz Morales, Felipe"]
[Result "1-0"]
[WhiteElo "2161"]
[BlackElo "1849"]
[PlyCount "77"]
[EventDate "2009.11.21"]

1. d4 Nf6 2. Nf3 g6 3. g3 Bg7 4. Bg2 d6 5. O-O O-O 6. c4 Nbd7 7. Nc3 c6 8. e4
Qc7 9. h3 h6 10. Re1 e5 11. Be3 Re8 12. Qc2 Nb6 13. b3 Qe7 14. Rad1 Bd7 15. c5
exd4 16. cxd6 Qf8 17. Bxd4 Red8 18. a4 Be6 19. a5 Nbd7 20. b4 b6 21. Na4 c5 22.
bxc5 bxc5 23. Nxc5 Rac8 24. Nxd7 Nxd7 25. Qb2 Bxd4 26. Qxd4 Rc5 27. Ra1 a6 28.
Rec1 Rdc8 29. Rxc5 Rxc5 30. Bf1 Qc8 31. Qd2 Kh7 32. Nd4 Ne5 33. Qf4 Bxh3 34.
Bxh3 Qxh3 35. Nf3 Qe6 36. Nxe5 Rxe5 37. d7 Rxe4 38. Qxe4 Qxd7 39. Rb1 1-0

[Event "IV Open Internacional Ciutat d"]
[Site "Palma"]
[Date "2009.11.22"]
[Round "2.28"]
[White "Lyell, Mark"]
[Black "Koziak, Vitali"]
[Result "0-1"]
[WhiteElo "2245"]
[BlackElo "2475"]
[PlyCount "76"]
[EventDate "2009.11.21"]

1. e4 e5 2. f4 exf4 3. Nf3 d5 4. exd5 Nf6 5. Bb5+ c6 6. dxc6 Nxc6 7. d4 Qa5+ 8.
Nc3 Bb4 9. O-O Bxc3 10. Qe2+ Be6 11. bxc3 O-O 12. c4 Qc3 13. Bxf4 Nxd4 14. Nxd4
Qxd4+ 15. Kh1 a6 16. Be5 Qe4 17. Qxe4 Nxe4 18. Ba4 Bxc4 19. Rf4 f5 20. g4 b5
21. Bb3 Rae8 22. Bd4 fxg4 23. Rxg4 Nf2+ 24. Bxf2 Rxf2 25. Rg2 Ree2 26. Rxf2
Rxf2 27. Kg1 Rd2 28. h3 h6 29. Rc1 Kf7 30. a4 Ke6 31. axb5 axb5 32. Re1+ Kd6
33. Re4 Bxb3 34. cxb3 Rd3 35. Rg4 Rxb3 36. Rxg7 Rxh3 37. Kf2 Kc5 38. Ke2 Kc4
0-1

[Event "IV Open Internacional Ciutat d"]
[Site "Palma"]
[Date "2009.11.22"]
[Round "2.16"]
[White "Cabrera, Alexis"]
[Black "Cabrera Trujillo, Jorge"]
[Result "1-0"]
[WhiteElo "2528"]
[BlackElo "2380"]
[PlyCount "71"]
[EventDate "2009.11.21"]

1. c4 e5 2. Nc3 Nf6 3. g3 d5 4. cxd5 Nxd5 5. Bg2 Nb6 6. Nf3 Nc6 7. O-O Be7 8.
a3 O-O 9. b4 Be6 10. Rb1 a6 11. d3 f6 12. Ne4 Ba2 13. Rb2 Bd5 14. Nc5 Rb8 15.
e4 Bf7 16. Be3 Nd7 17. Nb3 Re8 18. Rd2 Nb6 19. Qc2 Qc8 20. Na5 Nxa5 21. bxa5
Nd7 22. Bh3 c5 23. Rb1 Qc6 24. Rdd1 c4 25. d4 Bg6 26. d5 Qc8 27. Nh4 Bh5 28.
Rdc1 Bxa3 29. Qa4 Nc5 30. Bxc5 Qxc5 31. Rc3 Qd4 32. Rxa3 Qxe4 33. Rc1 g5 34.
Bg2 Qe2 35. Nf5 e4 36. Qd7 1-0

[Event "IV Open Internacional Ciutat d"]
[Site "Palma"]
[Date "2009.11.22"]
[Round "2.40"]
[White "Castell Cantero, Salvador"]
[Black "Breier, Andreas"]
[Result "0-1"]
[WhiteElo "1948"]
[BlackElo "2405"]
[PlyCount "70"]
[EventDate "2009.11.21"]

1. d4 e6 2. c4 Bb4+ 3. Bd2 a5 4. e3 d6 5. Bd3 Nc6 6. Nf3 e5 7. O-O Nf6 8. d5
Ne7 9. Bxb4 axb4 10. Nbd2 c5 11. h3 Bd7 12. Ng5 Ng6 13. f4 Qe7 14. f5 Nf8 15.
Qf3 h6 16. Nge4 N8h7 17. Qg3 O-O 18. Rf2 Ra6 19. Nxf6+ Nxf6 20. Ne4 Rfa8 21. b3
Ra3 22. Rb2 Bxf5 23. Nxf6+ Qxf6 24. e4 Bd7 25. Rf1 Qg5 26. Qf2 Qf4 27. Qe2 Qg5
28. Kh1 g6 29. g4 Kg7 30. Qf2 Rf8 31. h4 Qe7 32. Qg3 f6 33. Rbf2 Raa8 34. Qe3
Bxg4 35. Rg1 h5 0-1

[Event "IV Open Internacional Ciutat d"]
[Site "Palma"]
[Date "2009.11.22"]
[Round "2.7"]
[White "Matnadze, Ana"]
[Black "Burmakin, Vladimir"]
[Result "1/2-1/2"]
[WhiteElo "2401"]
[BlackElo "2602"]
[PlyCount "69"]
[EventDate "2009.11.21"]

1. e4 c6 2. f4 d5 3. e5 Bf5 4. Nf3 e6 5. d4 Nd7 6. h3 c5 7. c4 Be4 8. cxd5 Bxd5
9. Nc3 Bxf3 10. Qxf3 cxd4 11. Ne4 Nh6 12. Bd2 Nf5 13. Bd3 Be7 14. O-O O-O 15.
Rac1 Qb6 16. b4 Rac8 17. Rb1 Ne3 18. Rfe1 Nc4 19. Bc1 a5 20. Nc5 Nxc5 21. bxc5
Qxc5 22. Rxb7 Rc7 23. Rxc7 Qxc7 24. f5 Nxe5 25. Qg3 Bd6 26. Bf4 Nf3+ 27. Qxf3
Bxf4 28. fxe6 Be3+ 29. Kh1 fxe6 30. Bxh7+ Kxh7 31. Qxf8 Qg3 32. Rf1 e5 33. Qf5+
Kh6 34. Qe6+ Kh7 35. Qf5+ 1/2-1/2

[Event "IV Open Internacional Ciutat d"]
[Site "Palma"]
[Date "2009.11.22"]
[Round "2.55"]
[White "Balasch Sagrera, Carles"]
[Black "Lewandowski, Richard"]
[Result "1-0"]
[WhiteElo "2062"]
[BlackElo "1662"]
[PlyCount "67"]
[EventDate "2009.11.21"]

1. e4 c5 2. Nc3 Nc6 3. g3 e6 4. Bg2 Nf6 5. Nge2 d6 6. d4 cxd4 7. Nxd4 a6 8. Bg5
Be7 9. O-O O-O 10. h3 Bd7 11. Be3 b5 12. a3 Rc8 13. Nxc6 Bxc6 14. Qd4 e5 15.
Qd2 Qc7 16. Rad1 Rfd8 17. f4 a5 18. Rf2 Rb8 19. f5 b4 20. axb4 axb4 21. Nd5
Bxd5 22. exd5 Qc4 23. g4 Rdc8 24. b3 Qa6 25. g5 Nd7 26. f6 Bd8 27. fxg7 Rc3 28.
Rdf1 Bb6 29. Bxb6 Qxb6 30. Kh1 Rbc8 31. Rxf7 Rxc2 32. Qd3 R2c7 33. Qf5 Qb7 34.
Rf8+ 1-0

[Event "IV Open Internacional Ciutat d"]
[Site "Palma"]
[Date "2009.11.22"]
[Round "2.22"]
[White "Gonzalez Arribas, Vidal A"]
[Black "Sengupta, Deep"]
[Result "0-1"]
[WhiteElo "2274"]
[BlackElo "2488"]
[PlyCount "68"]
[EventDate "2009.11.21"]

1. c4 b6 2. g3 Bb7 3. Nf3 g6 4. Bg2 Bg7 5. Nc3 Nf6 6. O-O O-O 7. d4 Ne4 8. Qd3
Nxc3 9. Qxc3 c5 10. Be3 d6 11. Qd2 Nd7 12. Rac1 cxd4 13. Bxd4 Nf6 14. b4 Rc8
15. Rfd1 Qd7 16. c5 bxc5 17. bxc5 Ne4 18. Qe3 Bxd4 19. Qxd4 Qe6 20. c6 Rxc6 21.
Qxa7 Rxc1 22. Rxc1 Bd5 23. a4 Nc5 24. Nd4 Qe5 25. Bxd5 Qxd4 26. Bf3 e5 27. a5
e4 28. Bg2 Qd2 29. Rb1 Qxe2 30. Bf1 Qd2 31. Qe7 Ne6 32. h4 e3 33. fxe3 Rc8 34.
Qf6 Rc2 0-1

[Event "IV Open Internacional Ciutat d"]
[Site "Palma"]
[Date "2009.11.22"]
[Round "2.57"]
[White "Mateu Mir, Gabriel"]
[Black "Bergas Ferriol, Jeronimo"]
[Result "0-1"]
[WhiteElo "1637"]
[BlackElo "2053"]
[PlyCount "68"]
[EventDate "2009.11.21"]

1. d4 Nf6 2. c4 e5 3. dxe5 Ng4 4. Nf3 Bc5 5. e3 Nc6 6. a3 a5 7. Be2 Ngxe5 8.
Nc3 Nxf3+ 9. Bxf3 Ne5 10. Be4 d6 11. b3 c6 12. Bb2 O-O 13. O-O Bg4 14. f3 Bxe3+
15. Kh1 Bh5 16. Qc2 Bg6 17. f4 Bxe4 18. Qxe4 Ng4 19. Qf3 Qh4 20. Qh3 Nf2+ 21.
Rxf2 Qxh3 22. gxh3 Bxf2 23. Ne4 Bc5 24. f5 Rfe8 25. Nxc5 dxc5 26. Rg1 g6 27. h4
Re2 28. Bf6 Rae8 29. h5 Re1 30. fxg6 Rxg1+ 31. Kxg1 fxg6 32. hxg6 hxg6 33. Bc3
b6 34. b4 Re3 0-1

[Event "IV Open Internacional Ciutat d"]
[Site "Palma"]
[Date "2009.11.22"]
[Round "2.30"]
[White "Wallace, Paul"]
[Black "Henrichs, Thomas"]
[Result "1/2-1/2"]
[WhiteElo "2238"]
[BlackElo "2471"]
[PlyCount "67"]
[EventDate "2009.11.21"]

1. e4 c5 2. Nf3 d6 3. d4 cxd4 4. Nxd4 Nf6 5. Nc3 a6 6. Bg5 Nc6 7. Be2 e6 8. Qd2
Be7 9. O-O-O O-O 10. h4 Bd7 11. Qe3 Qc7 12. f4 b5 13. Nxc6 Bxc6 14. e5 dxe5 15.
fxe5 Nd5 16. Nxd5 Bxd5 17. Bxe7 Rac8 18. Kb1 Qxe7 19. Bf3 Qc7 20. c3 Bxf3 21.
gxf3 Rfd8 22. h5 h6 23. Rhg1 a5 24. f4 Rxd1+ 25. Rxd1 Rd8 26. Rd4 Qb6 27. Qe4
b4 28. Rxd8+ Qxd8 29. Kc2 bxc3 30. bxc3 Qb6 31. Qa8+ Kh7 32. Qe4+ Kg8 33. Qa8+
Kh7 34. Qe4+ 1/2-1/2

[Event "IV Open Internacional Ciutat d"]
[Site "Palma"]
[Date "2009.11.22"]
[Round "2.6"]
[White "Buhmann, Rainer"]
[Black "Bellon Lopez, Juan Manuel"]
[Result "1/2-1/2"]
[WhiteElo "2603"]
[BlackElo "2435"]
[PlyCount "62"]
[EventDate "2009.11.21"]

1. c4 e6 2. Nf3 d5 3. d4 c6 4. Bg5 Nf6 5. Nbd2 h6 6. Bxf6 Qxf6 7. Qc2 Nd7 8. e4
dxe4 9. Qxe4 Qf5 10. Qxf5 exf5 11. Bd3 Nf6 12. O-O Be6 13. Rac1 Bd6 14. c5 Bf4
15. Bc4 Ne4 16. Rc2 Bxd2 17. Bxe6 fxe6 18. Nxd2 Nxd2 19. Rxd2 Kf7 20. Re1 Rad8
21. f4 g5 22. g3 gxf4 23. gxf4 Rhg8+ 24. Kf2 Rg4 25. Kf3 h5 26. Re3 Rg1 27. Rb3
Rd7 28. Kf2 Rg4 29. Kf3 Rh4 30. Kg3 Rg4+ 31. Kf3 Rh4 1/2-1/2

[Event "IV Open Internacional Ciutat d"]
[Site "Palma"]
[Date "2009.11.22"]
[Round "2.46"]
[White "Gomez Andreu, Daniel"]
[Black "Pons Servera, Cristobal"]
[Result "0-1"]
[WhiteElo "1874"]
[BlackElo "2123"]
[PlyCount "62"]
[EventDate "2009.11.21"]

1. e4 d6 2. d4 g6 3. Nc3 Bg7 4. Be3 Nd7 5. Qd2 a6 6. f3 b5 7. a3 Bb7 8. Nge2
Ngf6 9. Nc1 c5 10. dxc5 Nxc5 11. Nd3 Qc7 12. g4 e5 13. h4 h5 14. g5 Nfd7 15.
Nd5 Bxd5 16. exd5 e4 17. Nxc5 Nxc5 18. Bd4 O-O 19. Bxg7 Kxg7 20. Qd4+ Kg8 21.
f4 e3 22. Be2 Rfe8 23. Bf3 Rac8 24. f5 Nd7 25. Be4 Nc5 26. Bf3 Re5 27. Rg1 Rxf5
28. Ke2 Nb3 29. cxb3 Qc2+ 30. Kxe3 Re8+ 31. Be4 Rfe5 0-1

[Event "IV Open Internacional Ciutat d"]
[Site "Palma"]
[Date "2009.11.22"]
[Round "2.60"]
[White "Henrichs, Wenke"]
[Black "Castell Cantero, Jose Juan"]
[Result "1-0"]
[WhiteElo "2039"]
[BlackElo "1563"]
[PlyCount "61"]
[EventDate "2009.11.21"]

1. d4 Nf6 2. c4 g6 3. Nc3 Bg7 4. e4 d6 5. f4 O-O 6. Be3 c6 7. Qd2 Nbd7 8. Nh3
e5 9. d5 cxd5 10. cxd5 Nc5 11. Nf2 Bd7 12. b4 Na6 13. Nb5 Bxb5 14. Bxb5 Nc7 15.
Bd3 a6 16. O-O Rc8 17. a4 Qd7 18. Rfc1 Nh5 19. Ra2 Nxf4 20. Bf1 f5 21. Rac2 Rf7
22. Bb6 Qd8 23. b5 Bh6 24. Be3 Bg7 25. b6 Qd7 26. Rxc7 Rxc7 27. bxc7 Qc8 28. g3
Nh5 29. Qc2 Nf6 30. Bh3 Ne8 31. Bb6 1-0

[Event "IV Open Internacional Ciutat d"]
[Site "Palma"]
[Date "2009.11.22"]
[Round "2.38"]
[White "Stoeckmann, Helmut"]
[Black "Amos, Frank"]
[Result "1-0"]
[WhiteElo "2135"]
[BlackElo "2193"]
[PlyCount "61"]
[EventDate "2009.11.21"]

1. c4 e6 2. Nc3 Nf6 3. e4 d5 4. e5 Ne4 5. d4 Bb4 6. Bd2 Nxd2 7. Qxd2 Nc6 8. Nf3
Ne7 9. a3 Bxc3 10. bxc3 b6 11. cxd5 exd5 12. Bd3 Bf5 13. O-O O-O 14. a4 Qd7 15.
a5 Bxd3 16. Qxd3 b5 17. Nd2 Rab8 18. Nb3 b4 19. Rfc1 bxc3 20. Rxc3 Rb4 21. Nd2
Qg4 22. Nf3 Ng6 23. h3 Qe4 24. Qd2 Nf4 25. Re3 Qg6 26. Nh4 Rb1+ 27. Rxb1 Nxh3+
28. Rxh3 Qxb1+ 29. Kh2 Rb8 30. Qf4 Qb5 31. Nf5 1-0

[Event "IV Open Internacional Ciutat d"]
[Site "Palma"]
[Date "2009.11.22"]
[Round "2.21"]
[White "Bykhovsky, Anatoly"]
[Black "Genutis, Mindaugas"]
[Result "1-0"]
[WhiteElo "2488"]
[BlackElo "2295"]
[PlyCount "57"]
[EventDate "2009.11.21"]

1. e4 c6 2. d4 d5 3. Nd2 dxe4 4. Nxe4 Nd7 5. Ng5 Ngf6 6. Bd3 e6 7. Qe2 Be7 8.
N1f3 O-O 9. Ne5 h6 10. h4 c5 11. g4 cxd4 12. Nexf7 Rxf7 13. Nxf7 Kxf7 14. g5
Bb4+ 15. Kf1 Nd5 16. gxh6 gxh6 17. Qh5+ Ke7 18. Qxh6 Kd6 19. Bg5 Qe8 20. h5 Ne5
21. Bf4 Qf7 22. Bg3 Ne3+ 23. Kg1 Nf5 24. Bxf5 Qxf5 25. c3 dxc3 26. bxc3 Bxc3
27. Rd1+ Kc6 28. Qc1 Nf3+ 29. Kg2 1-0

[Event "IV Open Internacional Ciutat d"]
[Site "Palma"]
[Date "2009.11.22"]
[Round "2.3"]
[White "Asis Gargatagli, Hipolit"]
[Black "Rozentalis, Eduardas"]
[Result "0-1"]
[WhiteElo "2414"]
[BlackElo "2611"]
[PlyCount "52"]
[EventDate "2009.11.21"]

1. e4 g6 2. d4 Bg7 3. Nc3 c6 4. f4 d5 5. e5 Nh6 6. Nf3 Bg4 7. h3 Bxf3 8. Qxf3
f6 9. exf6 Bxf6 10. Be3 Nf5 11. O-O-O Qb6 12. g4 Bxd4 13. Bxd4 Nxd4 14. Qd3 e5
15. Bg2 Nd7 16. fxe5 Ne6 17. Bxd5 cxd5 18. Nxd5 Qa5 19. Qc4 Qa6 20. Qb4 O-O-O
21. Ne7+ Kc7 22. Rd6 Qxa2 23. Rd3 Nec5 24. Ra3 Qe6 25. Qa5+ b6 26. Qxa7+ Nb7
0-1

[Event "IV Open Internacional Ciutat d"]
[Site "Palma"]
[Date "2009.11.22"]
[Round "2.52"]
[White "Farmer Negrini, Leo"]
[Black "Juan Mas, Santiago"]
[Result "0-1"]
[WhiteElo "1795"]
[BlackElo "2080"]
[PlyCount "48"]
[EventDate "2009.11.21"]

1. e4 Nc6 2. d4 d6 3. Bc4 Nf6 4. Nc3 g6 5. Nf3 Bg7 6. h3 O-O 7. Be3 Nxe4 8.
Nxe4 d5 9. Bd3 dxe4 10. Bxe4 Qd6 11. c3 f5 12. Bc2 f4 13. Bb3+ Kh8 14. Bd2 e5
15. Ng5 exd4 16. O-O Qf6 17. Nf3 d3 18. Re1 g5 19. Nh2 f3 20. Nxf3 g4 21. hxg4
Bxg4 22. Be3 Qg6 23. Kf1 Rxf3 24. gxf3 Bh3# 0-1

[Event "IV Open Internacional Ciutat d"]
[Site "Palma"]
[Date "2009.11.22"]
[Round "2.36"]
[White "Souleidis, Georgios"]
[Black "Ripoll Marques, Antonio"]
[Result "1-0"]
[WhiteElo "2429"]
[BlackElo "2091"]
[PlyCount "47"]
[EventDate "2009.11.21"]

1. e4 c6 2. Nc3 d5 3. Nf3 dxe4 4. Nxe4 Bf5 5. Ng3 Qd5 6. Nxf5 Qxf5 7. Be2 e5 8.
O-O Nf6 9. d4 Bd6 10. dxe5 Bxe5 11. Bd3 Qh5 12. Nxe5 O-O 13. Qxh5 Nxh5 14. Bc4
b5 15. Be2 Nf6 16. Bf3 Rc8 17. Rd1 h6 18. a4 b4 19. Be3 a5 20. Rd6 Nd5 21. Nxc6
Nxe3 22. Ne7+ Kf8 23. Nxc8 Nxg2 24. Rd8# 1-0

[Event "IV Open Internacional Ciutat d"]
[Site "Palma"]
[Date "2009.11.22"]
[Round "2.37"]
[White "Rabadan Velasco, Raul"]
[Black "Abrines Sampol, Lorenzo"]
[Result "1-0"]
[WhiteElo "2334"]
[BlackElo "1693"]
[PlyCount "45"]
[EventDate "2009.11.21"]

1. d4 Nf6 2. Nf3 d6 3. c4 g6 4. Nc3 Bg7 5. e4 O-O 6. h3 h6 7. Be3 b6 8. Qc2 Bb7
9. O-O-O Nbd7 10. e5 Bxf3 11. gxf3 dxe5 12. dxe5 Nh7 13. e6 fxe6 14. Qxg6 Rf6
15. Qg2 Nhf8 16. Bd3 Qe8 17. Rhg1 Qf7 18. Ne4 Rg6 19. Ng3 Qf6 20. Rd2 Nc5 21.
Bxg6 Nxg6 22. Bxc5 bxc5 23. Ne4 1-0

[Event "IV Open Internacional Ciutat d"]
[Site "Palma"]
[Date "2009.11.22"]
[Round "2.18"]
[White "Narciso Dublan, Marc"]
[Black "Mascaro March, Pedro"]
[Result "1/2-1/2"]
[WhiteElo "2510"]
[BlackElo "2369"]
[PlyCount "43"]
[EventDate "2009.11.21"]

1. e4 e5 2. Nc3 Nc6 3. g3 Nf6 4. Bg2 Bc5 5. d3 a6 6. Nf3 d6 7. O-O O-O 8. Be3
Bxe3 9. fxe3 Bg4 10. Qd2 Bxf3 11. Rxf3 Ne7 12. Raf1 c6 13. d4 b5 14. R3f2 Ng6
15. Qd3 Ra7 16. Bh3 Re8 17. Bf5 Ne7 18. Bh3 Ng6 19. a3 a5 20. Bf5 Ne7 21. Bh3
Ng6 22. Bf5 1/2-1/2

[Event "IV Open Internacional Ciutat d"]
[Site "Palma"]
[Date "2009.11.22"]
[Round "2.54"]
[White "Hernanz Villaoslada, Javier"]
[Black "Sara, Valerio"]
[Result "0-1"]
[WhiteElo "1705"]
[BlackElo "2072"]
[PlyCount "42"]
[EventDate "2009.11.21"]

1. d4 d5 2. c4 c6 3. Nc3 Nf6 4. Nf3 a6 5. Bg5 Ne4 6. Nxe4 dxe4 7. Nd2 Qxd4 8.
Qc2 Bf5 9. e3 Qd6 10. O-O-O Nd7 11. f3 Qg6 12. f4 e5 13. h4 h6 14. h5 Qe6 15.
Bh4 exf4 16. Nb3 Bc5 17. Rxd7 Bxe3+ 18. Rd2 Bxd2+ 19. Qxd2 e3 20. Qc3 Qe4 21.
Nc5 Qb1# 0-1

[Event "IV Open Internacional Ciutat d"]
[Site "Palma"]
[Date "2009.11.22"]
[Round "2.47"]
[White "Berube, Antoine"]
[Black "Sorell Nicolau, Pau"]
[Result "0-1"]
[WhiteElo "2122"]
[BlackElo "1831"]
[PlyCount "40"]
[EventDate "2009.11.21"]

1. d4 Nf6 2. c4 e5 3. dxe5 Ng4 4. Bf4 Nc6 5. Nf3 Bb4+ 6. Nbd2 Qe7 7. e3 Ngxe5
8. Nxe5 Nxe5 9. Be2 d6 10. O-O Bxd2 11. Qxd2 O-O 12. Rac1 b6 13. b4 a5 14. a3
axb4 15. axb4 Bb7 16. c5 bxc5 17. bxc5 Qe6 18. Rfd1 Ra2 19. Rc2 Qg6 20. c6 Bxc6
0-1

[Event "IV Open Internacional Ciutat d"]
[Site "Palma"]
[Date "2009.11.22"]
[Round "2.50"]
[White "Gallardo Pina, Neus"]
[Black "Perez Aleman, Pedro Tomas"]
[Result "0-1"]
[WhiteElo "1809"]
[BlackElo "2093"]
[PlyCount "24"]
[EventDate "2009.11.21"]

1. f4 e5 2. fxe5 d6 3. exd6 Bxd6 4. g3 h5 5. e4 h4 6. d4 hxg3 7. e5 Rxh2 8. Qf3
Qh4 9. Bg5 Qxg5 10. Ne2 Bg4 11. Qxb7 Rxe2+ 12. Bxe2 Qc1+ 0-1

[Event "IV Open Internacional Ciutat d"]
[Site "Palma"]
[Date "2009.11.22"]
[Round "3.26"]
[White "Bellon Lopez, Juan Manuel"]
[Black "Lemeaux, David"]
[Result "1-0"]
[WhiteElo "2435"]
[BlackElo "2217"]
[PlyCount "53"]
[EventDate "2009.11.21"]

1. d4 d5 2. Nf3 Nf6 3. c4 e6 4. Nc3 Nbd7 5. Bg5 c6 6. e3 Be7 7. Qc2 O-O 8.
O-O-O b6 9. h4 Bb7 10. Kb1 Re8 11. Bd3 dxc4 12. Bxc4 Nd5 13. Bd3 Nf8 14. Nxd5
exd5 15. g4 a6 16. Rhg1 c5 17. dxc5 bxc5 18. Bc4 Bxg5 19. Nxg5 h6 20. Qb3 Qe7
21. Bxd5 hxg5 22. Qxb7 Qxb7 23. Bxb7 Ra7 24. Bc6 Rc8 25. Be4 gxh4 26. Rd5 g6
27. Rh1 1-0

[Event "IV Open Internacional Ciutat d"]
[Site "Palma"]
[Date "2009.11.22"]
[Round "3.8"]
[White "Bhat, Vinay S"]
[Black "Gerzhoy, Leonid"]
[Result "1-0"]
[WhiteElo "2510"]
[BlackElo "2456"]
[PlyCount "75"]
[EventDate "2009.11.21"]

1. d4 d5 2. c4 e6 3. Nc3 Nf6 4. Nf3 c5 5. cxd5 Nxd5 6. e4 Nxc3 7. bxc3 cxd4 8.
cxd4 Bb4+ 9. Bd2 Bxd2+ 10. Qxd2 O-O 11. Bc4 Nc6 12. O-O b6 13. Rad1 Bb7 14.
Rfe1 Rc8 15. d5 Na5 16. Bd3 exd5 17. e5 Nc4 18. Qf4 h6 19. Qf5 g6 20. Qh3 Kg7
21. e6 Qf6 22. exf7 Qxf7 23. Qg3 Rce8 24. Rxe8 Rxe8 25. Bxc4 dxc4 26. Ne5 Qe6
27. f4 Re7 28. Qa3 Rc7 29. Rd6 Qe7 30. Rxg6+ Kh7 31. Qh3 Qc5+ 32. Kh1 Qf8 33.
Qe6 c3 34. Rf6 Bc8 35. Nd7 Bxd7 36. Rf7+ Qxf7 37. Qxf7+ Kh8 38. Qf8+ 1-0

[Event "IV Open Internacional Ciutat d"]
[Site "Palma"]
[Date "2009.11.22"]
[Round "3.36"]
[White "Breier, Andreas"]
[Black "Durandeau, Jean-Marie"]
[Result "1-0"]
[WhiteElo "2405"]
[BlackElo "2049"]
[PlyCount "47"]
[EventDate "2009.11.21"]

1. d4 Nf6 2. c4 e5 3. dxe5 Ng4 4. Nf3 Nc6 5. Bf4 Bb4+ 6. Nbd2 Qe7 7. a3 Ngxe5
8. Nxe5 Nxe5 9. e3 Bxd2+ 10. Qxd2 d6 11. Qc3 b6 12. c5 O-O 13. cxd6 cxd6 14.
Be2 Bb7 15. O-O Rac8 16. Qd2 Rc5 17. Rac1 Qe6 18. b4 Rd5 19. Qc3 Rc8 20. Qb3 b5
21. Rxc8+ Qxc8 22. e4 Rd4 23. f3 Nc4 24. Qc3 1-0

[Event "IV Open Internacional Ciutat d"]
[Site "Palma"]
[Date "2009.11.22"]
[Round "3.43"]
[White "Crespi Lopez, Juan Josep"]
[Black "Ali, Ehsan"]
[Result "1-0"]
[WhiteElo "1981"]
[BlackElo "2312"]
[PlyCount "99"]
[EventDate "2009.11.21"]

1. d4 d5 2. c4 c6 3. Nf3 e6 4. Qc2 f5 5. g3 Nf6 6. Bg2 Bd6 7. Nbd2 O-O 8. a3
Nbd7 9. b4 Ne4 10. Bb2 Qe7 11. Ne5 a5 12. c5 Bc7 13. O-O Ndf6 14. Ndf3 Bd7 15.
Rab1 g5 16. Bc1 g4 17. Nh4 Nh5 18. Bxe4 dxe4 19. Bh6 Rfe8 20. Qd2 Bc8 21. Bg5
Qg7 22. Bh6 Qe7 23. Bg5 Nf6 24. Bh6 Nd5 25. Bg5 Qg7 26. Bh6 Qf6 27. Bg5 Qh8 28.
Bh6 Bxe5 29. dxe5 Qxe5 30. Qg5+ Kh8 31. Qh5 Re7 32. Bc1 Qf6 33. Bg5 Qf7 34. Qh6
Qg7 35. Ng6+ Qxg6 36. Qf8+ Qg8 37. Bxe7 Qxf8 38. Bxf8 Kg8 39. Bd6 Kf7 40. Be5
Bd7 41. bxa5 Bc8 42. Rb3 Rxa5 43. Rc1 h5 44. e3 Kg6 45. Kg2 Kg5 46. h4+ gxh3+
47. Kxh3 Ne7 48. Rd1 Rxc5 49. Bd6 Rd5 50. Bxe7+ 1-0

[Event "IV Open Internacional Ciutat d"]
[Site "Palma"]
[Date "2009.11.22"]
[Round "3.24"]
[White "Gaponenko, Inna"]
[Black "Wallace, Paul"]
[Result "1-0"]
[WhiteElo "2457"]
[BlackElo "2238"]
[PlyCount "45"]
[EventDate "2009.11.21"]

1. e4 e5 2. Nf3 Nc6 3. Bc4 Nf6 4. d4 exd4 5. e5 d5 6. Bb5 Ne4 7. Nxd4 Bd7 8.
Bxc6 bxc6 9. O-O Bc5 10. Be3 O-O 11. Nd2 Nxd2 12. Qxd2 Bb6 13. Bg5 Qe8 14. Rfe1
Be6 15. Re3 Kh8 16. Rg3 Rg8 17. a4 a5 18. h4 c5 19. h5 c6 20. h6 Bd8 21. Nxc6
f6 22. hxg7+ Kxg7 23. exf6+ 1-0

[Event "IV Open Internacional Ciutat d"]
[Site "Palma"]
[Date "2009.11.22"]
[Round "3.44"]
[White "Genutis, Mindaugas"]
[Black "Pol Guiscafre, David"]
[Result "1-0"]
[WhiteElo "2295"]
[BlackElo "1986"]
[PlyCount "51"]
[EventDate "2009.11.21"]

1. d4 d5 2. c4 e6 3. Nf3 Nf6 4. g3 Bb4+ 5. Bd2 Qe7 6. a3 Bxd2+ 7. Nbxd2 c5 8.
dxc5 Qxc5 9. cxd5 Qxd5 10. e4 Qh5 11. e5 Ng4 12. Nc4 O-O 13. h3 Nc6 14. Nh2 Rd8
15. Qxg4 Qh6 16. f4 b5 17. Ne3 Nxe5 18. Qg5 Qxg5 19. fxg5 Bb7 20. Rg1 Nd3+ 21.
Bxd3 Rxd3 22. Ke2 Rb3 23. Rgd1 Rxb2+ 24. Rd2 Rb3 25. Nf3 Rc8 26. Nd4 1-0

[Event "IV Open Internacional Ciutat d"]
[Site "Palma"]
[Date "2009.11.22"]
[Round "3.34"]
[White "Guerra Bastida, Diego"]
[Black "Balasch Sagrera, Carles"]
[Result "1-0"]
[WhiteElo "2429"]
[BlackElo "2062"]
[PlyCount "69"]
[EventDate "2009.11.21"]

1. e4 e6 2. d4 d5 3. Nc3 Nf6 4. Bg5 Be7 5. e5 Ng8 6. Be3 b6 7. f4 h5 8. Be2 g6
9. Bf3 Nh6 10. Nge2 Nf5 11. Bf2 Ba6 12. Qd2 Nc6 13. Nd1 Qd7 14. c3 Na5 15. b3
Rc8 16. Ne3 Nh4 17. Bxh4 Bxh4+ 18. g3 Be7 19. O-O c5 20. Rfd1 Qc7 21. Rac1 Nc6
22. Kf2 cxd4 23. Nxd4 Nxd4 24. cxd4 Qd7 25. Rxc8+ Qxc8 26. Rc1 Qd7 27. Rc2 Kd8
28. a4 Ke8 29. Be2 Bxe2 30. Qxe2 Qb7 31. Qb5+ Kf8 32. a5 Kg7 33. a6 Qb8 34. Qd7
Bb4 35. Rc7 1-0

[Event "IV Open Internacional Ciutat d"]
[Site "Palma"]
[Date "2009.11.22"]
[Round "3.22"]
[White "Henrichs, Thomas"]
[Black "Rybenko, Kseniya"]
[Result "1-0"]
[WhiteElo "2471"]
[BlackElo "2254"]
[PlyCount "51"]
[EventDate "2009.11.21"]

1. d4 g6 2. c4 d6 3. Nc3 Bg7 4. e4 Nd7 5. Nf3 e5 6. Be2 Ngf6 7. O-O O-O 8. Be3
c6 9. d5 cxd5 10. cxd5 Ng4 11. Bg5 f6 12. Bd2 f5 13. Ng5 Ndf6 14. Qb3 fxe4 15.
h3 Nh6 16. g4 e3 17. Bxe3 Nfxg4 18. hxg4 Bxg4 19. Bxg4 Nxg4 20. Qxb7 Qe8 21.
Nce4 Rd8 22. Ne6 Rf7 23. Qc6 Rdd7 24. Nxd6 Qe7 25. Nxf7 Kxf7 26. Ng5+ 1-0

[Event "IV Open Internacional Ciutat d"]
[Site "Palma"]
[Date "2009.11.22"]
[Round "3.59"]
[White "Herms Agullo, Jordi"]
[Black "Perez Garcia, Miguel"]
[Result "1-0"]
[WhiteElo "2113"]
[BlackElo "1794"]
[PlyCount "47"]
[EventDate "2009.11.21"]

1. e4 Nf6 2. e5 Nd5 3. d4 d6 4. c4 Nb6 5. f4 dxe5 6. fxe5 Nc6 7. Be3 Bf5 8. Nc3
e6 9. Nf3 Be7 10. d5 exd5 11. cxd5 Nb4 12. Nd4 Bg6 13. Bb5+ Kf8 14. O-O Kg8 15.
e6 f6 16. Nf5 N6xd5 17. Nxd5 Nxd5 18. Qxd5 Qxd5 19. Nxe7+ Kf8 20. Nxd5 c6 21.
Bc5+ Ke8 22. Nc7+ Kd8 23. Nxa8 cxb5 24. Rac1 1-0

[Event "IV Open Internacional Ciutat d"]
[Site "Palma"]
[Date "2009.11.22"]
[Round "3.31"]
[White "Lajthajm, Borko"]
[Black "Mercant Simo, Jaime"]
[Result "1-0"]
[WhiteElo "2481"]
[BlackElo "2082"]
[PlyCount "101"]
[EventDate "2009.11.21"]

1. d4 e6 2. c4 Nf6 3. g3 d5 4. Bg2 b6 5. cxd5 exd5 6. Nc3 Bb7 7. Bg5 Be7 8.
Qa4+ Qd7 9. Qb3 Ne4 10. Bh3 Qd8 11. Bxe7 Qxe7 12. Nf3 Nxc3 13. Qxc3 O-O 14. Rc1
c5 15. dxc5 d4 16. Qa3 bxc5 17. Qxc5 Qxc5 18. Rxc5 d3 19. Bg2 dxe2 20. Nh4 Bxg2
21. Nxg2 Na6 22. Ra5 Rfc8 23. Kd2 Nb4 24. Ne3 Nc6 25. Ra4 Rab8 26. Rb1 Rd8+ 27.
Kxe2 Nd4+ 28. Kf1 Nf3 29. Kg2 Ne5 30. Rxa7 Rd2 31. b3 Rbd8 32. Nc4 Nxc4 33.
bxc4 Rc2 34. Rbb7 Rxc4 35. Rxf7 Rg4 36. h3 Rg6 37. a4 Rd4 38. a5 h6 39. h4 Ra4
40. Kh2 Ra2 41. Rf5 Rd6 42. Ra8+ Kh7 43. h5 Rf6 44. Rxf6 gxf6 45. Ra7+ Kg8 46.
Kg2 Ra3 47. a6 f5 48. Kf1 Ra2 49. Ke1 Kf8 50. Kd1 Rxf2 51. Rb7 1-0